[Event "67th ch-RUS w 2017"]
[Site "St Petersburg RUS"]
[Date "2017.12.06"]
[Round "4.5"]
[White "Goryachkina, Aleksandra"]
[Black "Galliamova, Alisa"]
[Result "1/2-1/2"]
[WhiteTitle "WGM"]
[BlackTitle "IM"]
[WhiteElo "2486"]
[BlackElo "2443"]
[WhiteFideId "4147103"]
[BlackFideId "4129725"]
[EventDate "2017.12.03"]

1. d4 d5 2. c4 c6 3. Nf3 Nf6 4. g3 dxc4 5. Bg2 b5 6. Ne5 Bb7 7. O-O e6 8. b3
cxb3 9. axb3 Be7 10. Nc3 a6 11. Bg5 O-O 12. e3 Qc7 13. Qe2 Nbd7 14. Nxd7 Qxd7
15. Bxf6 Bxf6 16. Ne4 Be7 17. Rfc1 a5 18. Qc2 Ra6 19. Ra2 Rfa8 20. Rca1 h6 21.
Nc5 Bxc5 22. Qxc5 Qd8 23. h4 a4 24. b4 Qf8 25. Qc3 Qd6 26. Rc1 Re8 27. f4 h5 28.
Qb2 Bc8 29. Rc5 g6 30. Qc3 Bd7 31. e4 Rd8 32. e5 Qe7 33. Kf2 Be8 34. Ke3 Rb6 35.
Rd2 Ra6 36. Qa3 Rb6 37. Bf3 Ra6 38. Rd3 Rb6 39. Kd2 Ra6 40. Kc3 Rb6 41. Kb2 Ra6
42. Ka2 Kg7 43. Qc3 a3 44. Bd1 Rd5 45. Bb3 Rd8 46. Qe1 Bd7 47. Bd1 Rda8 48. Bf3
R6a7 49. Qd2 Ra6 50. Bd1 R6a7 51. Bc2 Ra6 52. Qg2 R6a7 53. Rd1 Rh8 54. Rh1 Be8
55. Qf2 Qd8 56. Rd1 Qe7 57. Rd3 Bd7 58. Qe1 1/2-1/2

[Event "67th ch-RUS w 2017"]
[Site "St Petersburg RUS"]
[Date "2017.12.06"]
[Round "4.6"]
[White "Girya, Olga"]
[Black "Bodnaruk, Anastasia"]
[Result "1-0"]
[WhiteTitle "WGM"]
[BlackTitle "IM"]
[WhiteElo "2484"]
[BlackElo "2428"]
[WhiteFideId "4195752"]
[BlackFideId "4181751"]
[EventDate "2017.12.03"]

1. d4 Nf6 2. Bf4 g6 3. Nc3 d5 4. e3 Bg7 5. h4 O-O 6. h5 Nxh5 7. Rxh5 gxh5 8.
Qxh5 f5 9. Nf3 c6 10. Bd3 Nd7 11. O-O-O Nf6 12. Qh4 Qe8 13. Rh1 h5 14. Ne5 Ng4
15. Nxg4 fxg4 16. Qg5 Rf6 17. Be5 Qf7 18. Rxh5 Rxf2 19. Bg6 Rf1+ 20. Nd1 Rxd1+
21. Kxd1 Qf1+ 22. Kd2 Qf2+ 23. Kc3 Qe1+ 24. Kb3 a5 25. Bh7+ Kf7 26. Qg6+ 1-0

[Event "67th ch-RUS w 2017"]
[Site "St Petersburg RUS"]
[Date "2017.12.07"]
[Round "5.2"]
[White "Galliamova, Alisa"]
[Black "Girya, Olga"]
[Result "0-1"]
[WhiteTitle "IM"]
[BlackTitle "WGM"]
[WhiteElo "2443"]
[BlackElo "2484"]
[WhiteFideId "4129725"]
[BlackFideId "4195752"]
[EventDate "2017.12.03"]

1. d4 Nf6 2. c4 e6 3. Nc3 Bb4 4. Qb3 c5 5. dxc5 Nc6 6. Bg5 h6 7. Bxf6 Qxf6 8.
Nf3 Bxc5 9. Ne4 Bb4+ 10. Qxb4 Nxb4 11. Nxf6+ gxf6 12. Kd2 b6 13. e3 Bb7 14. Be2
Rg8 15. g3 Rc8 16. Rhc1 Ke7 17. Nd4 Nc6 18. Rc3 f5 19. Ra3 Ra8 20. Bf3 Nd8 21.
Bxb7 Nxb7 22. Rc1 Rgc8 23. Rac3 Nc5 24. Ke2 a5 25. b3 Ne4 26. R3c2 Rc5 27. f3
Nd6 28. Kd3 Rac8 29. Ne2 R5c6 30. Nd4 Rc5 31. Ne2 R5c6 32. Nf4 Nb7 33. Ke2 d5
34. Nd3 b5 35. Ne5 Rc5 36. Nd3 R5c7 37. Nb2 a4 38. Rc3 b4 39. R3c2 axb3 40. axb3
Na5 41. Ra1 Nxb3 42. Ra4 Rb7 43. Kd1 dxc4 44. Rxc4 Rd7+ 45. Ke1 Rxc4 46. Nxc4
Nc5 47. Ra5 Nd3+ 48. Ke2 Nc1+ 49. Ke1 Rc7 50. Nd2 Rb7 51. Kd1 Nd3 52. Ke2 Rd7
53. Rb5 Nc1+ 54. Ke1 Na2 55. Nc4 f6 56. Nb2 e5 57. Rb8 Ke6 58. Rb6+ Rd6 59. Rb8
h5 60. Re8+ Kf7 61. Rb8 Ke6 62. Re8+ Kf7 63. Rb8 Kg6 64. Rg8+ Kh7 65. Rb8 Kg7
66. Rb7+ Kg6 67. Rb8 f4 68. gxf4 exf4 69. e4 Rd4 70. Rb6 Kg5 71. Rb5+ Kg6 72.
Rb6 Kf7 73. Rb5 Nc3 74. Rxh5 Kg7 75. Rc5 Rd7 76. Rc4 Na2 77. Rc6 Rb7 78. Rc4 b3
79. Kd2 Kg6 80. Rc5 Rh7 81. Nd3 Rxh2+ 82. Ke1 b2 83. Nxb2 Rxb2 84. e5 Nb4 0-1

[Event "67th ch-RUS w 2017"]
[Site "St Petersburg RUS"]
[Date "2017.12.07"]
[Round "5.3"]
[White "Gunina, Valentina"]
[Black "Goryachkina, Aleksandra"]
[Result "1-0"]
[WhiteTitle "GM"]
[BlackTitle "WGM"]
[WhiteElo "2510"]
[BlackElo "2486"]
[WhiteFideId "4167570"]
[BlackFideId "4147103"]
[EventDate "2017.12.03"]

1. e4 c5 2. Nf3 d6 3. d4 cxd4 4. Nxd4 Nf6 5. Nc3 a6 6. h3 e5 7. Nde2 h5 8. g3 b5
9. Nd5 Nxd5 10. Qxd5 Ra7 11. Be3 Be6 12. Qd2 Rd7 13. Nc3 h4 14. g4 d5 15. Nxd5
Bxd5 16. exd5 Rxd5 17. Qc3 Be7 18. Bg2 b4 19. Qc4 Rd7 20. O-O O-O 21. Rae1 Rc7
22. Qe4 Nd7 23. Rd1 Bc5 24. Bxc5 Rxc5 25. Qxb4 Qb6 26. a3 a5 27. Qd2 Nf6 28. Qe3
Rfc8 29. b3 Qc7 30. c4 a4 31. Rb1 axb3 32. Rxb3 Rxc4 33. g5 Nh5 34. Bd5 Nf4 35.
Bxc4 Qxc4 36. Re1 g6 37. Qf3 Qd4 38. Rd1 Qc4 39. Re3 Qb5 40. Rde1 Rc5 41. Rb3
Qa5 42. Rd1 Kg7 43. Kh2 Rc2 44. Re3 Qb5 45. Kg1 Rc5 46. Rb3 Qa5 47. Qe4 Qa6 48.
Kh2 Qe6 49. Re3 Qb6 50. Rb1 Qd8 51. Rg1 Qd2 52. Rf1 Qd8 53. Rg1 Qd2 54. Qf3 Rc2
55. Rf1 Qd6 56. a4 Qc7 57. Kg1 Rc5 58. Rfe1 Qa5 59. Ra1 Rc4 60. Kh2 Rc2 61. Rae1
Qxa4 62. Rxe5 Qd4 63. R5e3 Ne6 64. Rd1 Qb2 65. Kg1 Nxg5 66. Qf4 Qf6 67. Qxf6+
Kxf6 68. Rd4 Re2 69. Rd6+ Kf5 70. Rxe2 Nxh3+ 71. Kh2 Nf4 72. Ra2 1-0

[Event "67th ch-RUS w 2017"]
[Site "St Petersburg RUS"]
[Date "2017.12.07"]
[Round "5.4"]
[White "Gritsayeva, Oksana"]
[Black "Shuvalova, Polina"]
[Result "1-0"]
[WhiteTitle "WFM"]
[BlackTitle "WIM"]
[WhiteElo "2373"]
[BlackElo "2385"]
[WhiteFideId "14104652"]
[BlackFideId "24171760"]
[EventDate "2017.12.03"]

1. e4 c5 2. Nf3 Nc6 3. Bb5 g6 4. Bxc6 bxc6 5. O-O Bg7 6. Re1 Nh6 7. c3 O-O 8. d4
cxd4 9. cxd4 d5 10. e5 f6 11. e6 Nf5 12. Nc3 Qd6 13. Qe2 Qb4 14. Qd1 Qd6 15. Qe2
Qb4 16. Qd1 Nd6 17. Qa4 Qb6 18. Bf4 Ba6 19. Rac1 Nc4 20. Rb1 Rfd8 21. Qc2 Qa5
22. Na4 Bb7 23. Nc5 Qb6 24. Qc3 a5 25. b3 Nd6 26. Rbc1 Nb5 27. Qd3 Ba6 28. Qd2
Bc8 29. h4 Nd6 30. Qc2 Ne4 31. Na4 Qb4 32. Qxc6 Bb7 33. Qb6 Qxb6 34. Nxb6 Ra6
35. Bc7 Re8 36. Rc2 Bh6 37. g3 Nd6 38. Bxd6 Rxb6 39. Bc5 Rc6 40. Nh2 Bc8 41. Ng4
Bg7 42. Rce2 Ba6 43. Re3 f5 44. Nh2 Bf6 45. Kg2 Ra8 46. Kh3 Bc8 47. f4 Raa6 48.
Nf3 Rxe6 49. Rxe6 Bxe6 50. Kg2 h5 51. Kf2 Kf7 52. Rc1 a4 53. b4 Bd7 54. Nd2 Re6
55. Re1 Rc6 56. Nb1 Ke8 57. Ke3 e6 58. Kd2 Rc7 59. Nc3 Rb7 60. Nxd5 Kf7 61. Nc3
Be7 62. a3 Bd8 63. Kd3 Bc7 64. Kc4 Bd8 65. Rb1 Bc7 66. b5 g5 67. hxg5 h4 68.
gxh4 Bxf4 69. Nxa4 e5 70. Nb6 Be8 71. a4 1-0

[Event "67th ch-RUS w 2017"]
[Site "St Petersburg RUS"]
[Date "2017.12.07"]
[Round "5.5"]
[White "Nechaeva, Marina"]
[Black "Ovod, Evgenija"]
[Result "1/2-1/2"]
[WhiteTitle "IM"]
[BlackTitle "IM"]
[WhiteElo "2424"]
[BlackElo "2364"]
[WhiteFideId "4149351"]
[BlackFideId "4131827"]
[EventDate "2017.12.03"]

1. d4 d5 2. c4 e6 3. Nc3 Nf6 4. Bf4 c5 5. e3 cxd4 6. exd4 dxc4 7. Bxc4 Nc6 8.
Nf3 Nb4 9. O-O Be7 10. Re1 O-O 11. Ne5 Nbd5 12. Bg5 h6 13. Bd2 Qb6 14. Nf3 Rd8
15. Bb3 Bf8 16. Na4 Qd6 17. Ne5 b6 18. Qf3 Bb7 19. Rad1 Rac8 20. Qh3 Rc7 21. a3
Rdc8 22. Ba2 Bc6 23. Nxc6 Rxc6 24. Bb1 Rc4 25. Nc3 Nxc3 26. Bxc3 Nd5 27. Qd3 g6
28. Bd2 Bg7 29. Be3 h5 30. h3 a5 31. Qe2 R4c7 32. Bg5 Ne7 33. Qe4 Rc4 34. Ba2
Rc2 35. Re2 Rxe2 36. Qxe2 Nf5 37. d5 e5 38. Rc1 Rc5 39. Rxc5 Qxc5 40. Qd3 Kf8
41. g4 1/2-1/2

[Event "67th ch-RUS w 2017"]
[Site "St Petersburg RUS"]
[Date "2017.12.07"]
[Round "5.6"]
[White "Kashlinskaya, Alina"]
[Black "Kovalevskaya, Ekaterina"]
[Result "0-1"]
[WhiteTitle "IM"]
[BlackTitle "IM"]
[WhiteElo "2452"]
[BlackElo "2405"]
[WhiteFideId "4198026"]
[BlackFideId "4116704"]
[EventDate "2017.12.03"]

1. d4 Nf6 2. c4 e6 3. Nc3 Bb4 4. Qc2 Nc6 5. Nf3 d6 6. Bd2 O-O 7. a3 Bxc3 8. Bxc3
Qe7 9. e3 e5 10. d5 Nb8 11. Nd2 b5 12. Rd1 Nbd7 13. e4 bxc4 14. Nxc4 Nc5 15. f3
Bd7 16. b3 Nh5 17. Rb1 f5 18. Be2 Qh4+ 19. Kd1 fxe4 20. Ne3 Ng3 21. Re1 Nxe2 22.
Rxe2 Bb5 23. Nc4 exf3 24. gxf3 Rxf3 25. Be1 Qh5 26. a4 Bd7 27. Nxe5 Bf5 28. Qc4
Bxb1 29. Nxf3 Qxf3 0-1

[Event "67th ch-RUS w 2017"]
[Site "St Petersburg RUS"]
[Date "2017.12.09"]
[Round "6.2"]
[White "Ovod, Evgenija"]
[Black "Kashlinskaya, Alina"]
[Result "1/2-1/2"]
[WhiteTitle "IM"]
[BlackTitle "IM"]
[WhiteElo "2364"]
[BlackElo "2452"]
[WhiteFideId "4131827"]
[BlackFideId "4198026"]
[EventDate "2017.12.03"]

1. d4 Nf6 2. Nf3 d5 3. c4 e6 4. Nc3 Bb4 5. e3 O-O 6. Bd3 b6 7. a3 Bxc3+ 8. bxc3
Ba6 9. cxd5 exd5 10. Bxa6 Nxa6 11. Qd3 Qc8 12. c4 c5 13. cxd5 cxd4 14. Nxd4 Nc5
15. Qc4 Qd7 16. O-O Qxd5 17. Qxd5 Nxd5 18. a4 a5 19. Bd2 Ne4 20. Rfd1 Ndc3 21.
Bxc3 Nxc3 22. Rd2 Rac8 23. Ne2 Nxe2+ 24. Rxe2 Rc4 25. Rb2 Rd8 26. g3 Rd6 27. h4
h5 28. Ra3 Kf8 29. Rab3 Rcc6 30. Rb5 g6 31. Re5 Re6 32. Rxe6 Rxe6 33. Kf1 Ke7
34. Ke2 Re4 35. Rxb6 Rxa4 36. Rb7+ Ke6 37. Rb6+ Ke7 38. Rb7+ Ke6 39. Rb6+ 1/2-1/2

[Event "67th ch-RUS w 2017"]
[Site "St Petersburg RUS"]
[Date "2017.12.09"]
[Round "6.3"]
[White "Shuvalova, Polina"]
[Black "Nechaeva, Marina"]
[Result "1/2-1/2"]
[WhiteTitle "WIM"]
[BlackTitle "IM"]
[WhiteElo "2385"]
[BlackElo "2424"]
[WhiteFideId "24171760"]
[BlackFideId "4149351"]
[EventDate "2017.12.03"]

1. e4 c6 2. d4 d5 3. exd5 cxd5 4. Bd3 Nc6 5. c3 Qc7 6. Ne2 Bg4 7. O-O e6 8. Qe1
Bxe2 9. Qxe2 Nf6 10. Nd2 Be7 11. Nf3 O-O 12. Bg5 Nd7 13. Bd2 a6 14. Rfe1 Rfd8
15. g3 Rac8 16. Rad1 Na5 17. Ng5 Nf8 18. Qh5 g6 19. Qf3 Bd6 20. h4 Nc4 21. Bxc4
dxc4 22. h5 Rd7 23. Bc1 Qc6 24. Ne4 Be7 25. Nf6+ Bxf6 26. Qxf6 e5 27. dxe5 Ne6
28. h6 Rd3 29. Be3 Rcd8 30. Rb1 R8d7 31. Qh4 Qd5 32. a4 Qc6 33. Ra1 Qd5 34. a5
Kf8 35. Ra4 Rd1 36. Ra1 Rxe1+ 37. Rxe1 Qxe5 38. Qxc4 Qxa5 39. Qh4 Qf5 40. Qa4
Qd5 41. Qb4+ Kg8 42. Qh4 Qf3 43. Bd4 Kf8 44. Qf6 Qxf6 45. Bxf6 Rd5 46. g4 Ke8
47. b4 Kd7 48. Re4 Rd3 49. Kg2 g5 50. f3 Rd2+ 51. Kg3 Rd1 52. Re5 Rh1 53. Bg7
Rc1 54. Rf5 Ke8 55. Kf2 Ke7 56. Kg2 Rc2+ 57. Kg3 Ke8 58. Bf6 Rc1 59. Rd5 Rh1 60.
Rd6 Rxh6 61. Bxg5 Rg6 62. Bh4 h5 63. Rb6 hxg4 64. fxg4 Ng7 65. Rxg6 fxg6 66. Kf4
Kf7 67. Ke5 Ne6 68. Kd6 b5 69. Kc6 Ke8 70. Bg3 Ng5 71. Kb6 Ne4 72. Be5 Kd7 73.
Kxa6 Kc6 74. Ka7 Kd5 75. Bd4 Kc4 76. Kb6 Ng3 77. g5 Ne4 78. Bf6 Nd2 79. Kc7 Ne4
80. Kc6 Nd2 81. Kd6 Ne4+ 82. Ke6 Nxc3 83. Be7 Nd5 84. Bf8 Nxb4 85. Kf6 Nd5+ 86.
Kxg6 b4 87. Kf5 b3 88. Ba3 Ne7+ 89. Kf6 Nd5+ 90. Kf5 Ne7+ 1/2-1/2

[Event "67th ch-RUS w 2017"]
[Site "St Petersburg RUS"]
[Date "2017.12.09"]
[Round "6.4"]
[White "Goryachkina, Aleksandra"]
[Black "Gritsayeva, Oksana"]
[Result "1-0"]
[WhiteTitle "WGM"]
[BlackTitle "WFM"]
[WhiteElo "2486"]
[BlackElo "2373"]
[WhiteFideId "4147103"]
[BlackFideId "14104652"]
[EventDate "2017.12.03"]

1. e4 d6 2. d4 Nf6 3. Nc3 e5 4. Nf3 exd4 5. Qxd4 Nc6 6. Bb5 Bd7 7. Bxc6 Bxc6 8.
Bf4 Be7 9. O-O-O O-O 10. Qd3 Ng4 11. Qe2 Bf6 12. Nd4 Ne5 13. h4 Re8 14. g4 Bxh4
15. Bxe5 Bg5+ 16. f4 dxe5 17. Nxc6 Bxf4+ 18. Kb1 Qc8 19. Nb4 c6 20. Nd3 Bg5 21.
Qh2 h6 22. Nxe5 Bf6 23. Nd7 Bxc3 24. bxc3 Qd8 25. e5 Qg5 26. Qh5 Qe3 27. Rd3 Qf4
28. g5 Re6 29. Nf6+ Kh8 30. Qxf7 Qf5 31. Rd7 1-0

[Event "67th ch-RUS w 2017"]
[Site "St Petersburg RUS"]
[Date "2017.12.09"]
[Round "6.5"]
[White "Girya, Olga"]
[Black "Gunina, Valentina"]
[Result "1/2-1/2"]
[WhiteTitle "WGM"]
[BlackTitle "GM"]
[WhiteElo "2484"]
[BlackElo "2510"]
[WhiteFideId "4195752"]
[BlackFideId "4167570"]
[EventDate "2017.12.03"]

1. d4 Nf6 2. c4 e6 3. Nc3 Bb4 4. Qc2 O-O 5. a3 Bxc3+ 6. Qxc3 d5 7. Bg5 dxc4 8.
Qxc4 b6 9. Rd1 Ba6 10. Qa4 Qd7 11. Qc2 c5 12. Bxf6 gxf6 13. dxc5 Qc7 14. h4 Nd7
15. Rh3 Nxc5 16. Qc1 Rfd8 17. Rxd8+ Rxd8 18. Rg3+ Kf8 19. Rc3 Qe5 20. Nf3 Qe4
21. e3 Rd3 22. Be2 Rxc3 23. Qxc3 Qb1+ 24. Bd1 Nd3+ 25. Kd2 Nxb2 26. Bc2 Qa1 27.
Bb3 Kg7 28. Nd4 Bc4 29. e4 Bxb3 30. Qg3+ Kf8 31. Qb8+ Kg7 32. Qg3+ Kf8 33. Qb8+
Kg7 1/2-1/2

[Event "67th ch-RUS w 2017"]
[Site "St Petersburg RUS"]
[Date "2017.12.09"]
[Round "6.6"]
[White "Bodnaruk, Anastasia"]
[Black "Galliamova, Alisa"]
[Result "1-0"]
[WhiteTitle "IM"]
[BlackTitle "IM"]
[WhiteElo "2428"]
[BlackElo "2443"]
[WhiteFideId "4181751"]
[BlackFideId "4129725"]
[EventDate "2017.12.03"]

1. e4 e5 2. Nf3 Nc6 3. Bb5 a6 4. Ba4 Nf6 5. O-O Be7 6. Re1 b5 7. Bb3 d6 8. c3
O-O 9. h3 Re8 10. d4 Bb7 11. Nbd2 Bf8 12. a4 h6 13. d5 Nb8 14. c4 bxc4 15. Nxc4
c6 16. dxc6 Bxc6 17. Bc2 Qc7 18. Bd2 Bd7 19. Rc1 Be6 20. Bd3 Qb7 21. Na5 Qb6 22.
b4 Bd7 23. Qc2 Nh5 24. Bc4 Nf4 25. Bxf4 exf4 26. Qd2 Ra7 27. Qxf4 Bxa4 28. e5 d5
29. Bxd5 Qxb4 30. Qxb4 Bxb4 31. Re4 Bxa5 32. Rxa4 Rc7 33. Bc4 Bb6 34. Rb1 Ba7
35. Bxa6 Nxa6 36. Rxa6 Ree7 37. Rb2 Kh7 38. g3 Rb7 39. Re2 Bb8 40. Kg2 Ra7 41.
Rxa7 Bxa7 42. Nd2 Rc7 43. Ne4 Rd7 44. f4 Rc7 45. Kf3 Rb7 46. Nd6 Rc7 47. Ra2 Bg1
48. Ke4 Bb6 49. Ra3 Bf2 50. g4 Bg1 51. Ra8 Bc5 52. Kd5 Bb4 53. Rb8 Bd2 54. f5
Bg5 55. e6 fxe6+ 56. fxe6 Rc3 57. Ne4 Rd3+ 58. Kc4 Re3 59. Kd4 Re1 60. Nxg5+
hxg5 61. Kd5 Re3 62. Kd6 Rd3+ 63. Ke5 Re3+ 64. Kf5 Re1 65. Rb4 Kh6 66. Re4 Rf1+
67. Ke5 Kg6 68. Kd6 Rd1+ 69. Kc7 Rc1+ 70. Kd7 Rd1+ 71. Ke8 Ra1 72. e7 Rd1 73.
Kf8 1-0

[Event "67th ch-RUS w 2017"]
[Site "St Petersburg RUS"]
[Date "2017.12.10"]
[Round "7.2"]
[White "Gunina, Valentina"]
[Black "Bodnaruk, Anastasia"]
[Result "1-0"]
[WhiteTitle "GM"]
[BlackTitle "IM"]
[WhiteElo "2510"]
[BlackElo "2428"]
[WhiteFideId "4167570"]
[BlackFideId "4181751"]
[EventDate "2017.12.03"]

1. d4 Nf6 2. c4 e6 3. Nf3 b6 4. g3 Bb4+ 5. Bd2 Bxd2+ 6. Qxd2 Ba6 7. b3 O-O 8.
Bg2 d5 9. O-O c6 10. Rc1 Nbd7 11. a4 Bb7 12. a5 c5 13. a6 Bc6 14. cxd5 Bxd5 15.
Nc3 Ne4 16. Nxe4 Bxe4 17. Qf4 Bd5 18. e4 Bxb3 19. Qe3 c4 20. e5 Rc8 21. Nd2 Nb8
22. Bb7 Rc7 23. Nxb3 cxb3 24. Rxc7 Qxc7 25. Qxb3 Rd8 26. Qe3 Qc4 27. d5 Nd7 28.
Rc1 Qg4 29. d6 f6 30. exf6 gxf6 31. Bf3 Qf5 32. Rc7 Qe5 33. Qd2 Qa1+ 34. Kg2 Ne5
35. Qh6 Nd7 36. Be4 f5 37. Qg5+ 1-0

[Event "67th ch-RUS w 2017"]
[Site "St Petersburg RUS"]
[Date "2017.12.10"]
[Round "7.3"]
[White "Gritsayeva, Oksana"]
[Black "Girya, Olga"]
[Result "1/2-1/2"]
[WhiteTitle "WFM"]
[BlackTitle "WGM"]
[WhiteElo "2373"]
[BlackElo "2484"]
[WhiteFideId "14104652"]
[BlackFideId "4195752"]
[EventDate "2017.12.03"]

1. e4 c6 2. d4 d5 3. e5 Bf5 4. Nf3 e6 5. a3 Nd7 6. Nbd2 c5 7. dxc5 Bxc5 8. b4
Bb6 9. c4 Ne7 10. Bb2 O-O 11. Nh4 Ng6 12. Nxf5 exf5 13. Nf3 Ndxe5 14. Nxe5 Nxe5
15. c5 Bc7 16. Be2 Qg5 17. O-O Qh6 18. g3 Rad8 19. Bxe5 Bxe5 20. Ra2 b6 21. Rd2
d4 22. f4 Bc7 23. Bf3 bxc5 24. bxc5 Qa6 25. Rxd4 Qxa3 26. Rd5 Qc3 27. Kg2 g6 28.
Rf2 Rxd5 29. Qxd5 Rd8 30. Qc6 Ba5 31. Re2 Kg7 32. Re7 Rd2+ 33. Kh3 Qc2 34. Bg2
Qd1 35. Bf3 Qf1+ 36. Bg2 Qd1 37. Bf3 Qg1 38. Bg2 Bd8 39. Rxa7 Qd1 40. Qf3 Qxf3
41. Bxf3 h5 42. Rb7 Rc2 43. c6 g5 44. fxg5 Bxg5 45. Bd5 Kf6 46. Rxf7+ Ke5 47.
Bf3 h4 48. g4 fxg4+ 49. Kxg4 Bd8 50. Rd7 Rc4+ 51. Kh3 Bb6 52. Rb7 Bd8 53. Kg2
Rc2+ 54. Kh3 Rc4 55. Rb8 Bc7 56. Rh8 Kf6 57. Rc8 Be5 58. Rf8+ Kg5 59. Rg8+ Kf6
60. Rg2 Bc7 61. Re2 Kg5 62. Rg2+ Kf6 63. Rd2 Kg5 64. Rd5+ Kf6 65. Rd2 1/2-1/2

[Event "67th ch-RUS w 2017"]
[Site "St Petersburg RUS"]
[Date "2017.12.10"]
[Round "7.4"]
[White "Nechaeva, Marina"]
[Black "Goryachkina, Aleksandra"]
[Result "0-1"]
[WhiteTitle "IM"]
[BlackTitle "WGM"]
[WhiteElo "2424"]
[BlackElo "2486"]
[WhiteFideId "4149351"]
[BlackFideId "4147103"]
[EventDate "2017.12.03"]

1. d4 d5 2. c4 c6 3. Nc3 Nf6 4. e3 e6 5. Nf3 Nbd7 6. Bd3 dxc4 7. Bxc4 b5 8. Bd3
Bd6 9. O-O O-O 10. b3 Bb7 11. Bb2 a6 12. a4 Qe7 13. Qc2 c5 14. axb5 Bxf3 15.
gxf3 cxd4 16. exd4 Nd5 17. Nxd5 exd5 18. Rfe1 Qh4 19. bxa6 Qxh2+ 20. Kf1 Qh3+
21. Kg1 Bh2+ 22. Kh1 Bg3+ 23. Kg1 Rac8 24. Bxh7+ Kh8 25. fxg3 Rxc2 26. Bxc2
Qxg3+ 27. Kf1 Qxf3+ 28. Kg1 Rc8 29. Bd1 Qg3+ 30. Kf1 Rc6 31. Re8+ Kh7 32. Ke2
Qg2+ 33. Ke1 Qxb2 34. a7 Qxa1 35. a8=Q Re6+ 36. Kd2 Qxd4+ 0-1

[Event "67th ch-RUS w 2017"]
[Site "St Petersburg RUS"]
[Date "2017.12.10"]
[Round "7.5"]
[White "Kashlinskaya, Alina"]
[Black "Shuvalova, Polina"]
[Result "1/2-1/2"]
[WhiteTitle "IM"]
[BlackTitle "WIM"]
[WhiteElo "2452"]
[BlackElo "2385"]
[WhiteFideId "4198026"]
[BlackFideId "24171760"]
[EventDate "2017.12.03"]

1. d4 Nf6 2. c4 e6 3. Nf3 b6 4. a3 Bb7 5. Nc3 d5 6. cxd5 Nxd5 7. Qc2 Nxc3 8.
bxc3 Nd7 9. e4 c5 10. Bd3 Qc7 11. Qb2 Be7 12. O-O O-O 13. a4 Rfd8 14. Qe2 cxd4
15. cxd4 Rac8 16. Bd2 a5 17. Rab1 h6 18. h3 Qc6 19. Bf4 Qxa4 20. Ra1 Qb3 21.
Rfb1 Qc3 22. Rc1 Qb4 23. Rcb1 Qc3 24. Rc1 Qb4 25. Bc7 Rf8 26. Rab1 Qa3 27. Nd2
Nc5 28. dxc5 Rxc7 29. Bb5 Bg5 30. c6 Ba8 31. Rc2 Rfc8 32. Nc4 Qc5 33. Nxa5 Qf8
34. Nc4 Bxc6 35. Nxb6 Bxb5 36. Rxc7 Rxc7 37. Qxb5 Qb8 38. Ra1 Rb7 39. Ra6 Kh7
40. e5 g6 41. Qc6 Bf4 42. g3 Bxe5 43. Nd7 Qc7 44. Qxc7 Bxc7 45. Nf6+ Kg7 46.
Ne8+ Kf8 47. Nxc7 Rxc7 48. h4 Ke7 49. Kg2 Kf6 50. Kf3 Rc3+ 51. Kg2 Kf5 52. Ra7
f6 53. Rh7 h5 54. Ra7 Rc5 55. Ra6 e5 56. Rb6 Rd5 57. Ra6 e4 58. Rb6 Rd2 59. Rb5+
Kg4 60. Rb4 Kf5 61. Rb5+ Ke6 62. Kf1 Rd5 63. Rb6+ Kf5 64. Kg2 g5 65. hxg5 Kxg5
66. Rb8 Rd2 67. Re8 Kf5 68. Re7 Rd8 69. Rh7 Kg6 70. Re7 f5 71. Re6+ Kg5 72. f4+
exf3+ 73. Kxf3 Rd3+ 74. Kg2 h4 75. gxh4+ Kg4 76. Rg6+ Kf4 1/2-1/2

[Event "67th ch-RUS w 2017"]
[Site "St Petersburg RUS"]
[Date "2017.12.11"]
[Round "8.3"]
[White "Goryachkina, Aleksandra"]
[Black "Kashlinskaya, Alina"]
[Result "0-1"]
[WhiteTitle "WGM"]
[BlackTitle "IM"]
[WhiteElo "2486"]
[BlackElo "2452"]
[WhiteFideId "4147103"]
[BlackFideId "4198026"]
[EventDate "2017.12.03"]

1. e4 e6 2. d4 d5 3. Nd2 c5 4. Ngf3 Nc6 5. exd5 exd5 6. Bb5 Qe7+ 7. Be2 Qc7 8.
c4 Be6 9. O-O Nf6 10. cxd5 Bxd5 11. Bc4 O-O-O 12. Bxd5 Rxd5 13. b4 cxd4 14. Bb2
Bxb4 15. Rc1 Rhd8 16. Nb3 Bc3 17. Bxc3 dxc3 18. Qe1 Kb8 19. Qxc3 Qb6 20. Nfd2
Qb4 21. Qg3+ Qd6 22. Qxd6+ R8xd6 23. Nc4 Rd8 24. Ne3 Rb5 25. f3 Nd5 26. Nxd5
Rdxd5 27. Rfe1 Re5 28. Rxe5 Rxe5 29. Rc2 a5 30. Kf2 Nb4 31. Rd2 a4 32. Nd4 Rd5
33. Ke3 a3 34. Nc2 Rxd2 35. Kxd2 Nxa2 36. Nxa3 Kc7 37. Nc4 Nb4 38. Ne5 f6 39.
Ng4 Nd5 40. g3 Kd6 41. Kd3 Kc5 42. Nf2 b5 43. Ne4+ Kb4 44. Kd4 Nc7 45. f4 Kb3
46. f5 b4 47. Nc5+ Ka3 48. Kc4 Ne8 49. Kd5 Nc7+ 50. Kc4 Na8 51. Kb5 b3 52. Nxb3
Kxb3 53. Kc6 Kc4 54. Kd6 Kd4 55. Ke6 Ke4 56. g4 Kf4 57. Kf7 Kxg4 58. Kxg7 Kxf5
59. Kxh7 Kg5 60. h4+ Kh5 0-1

[Event "67th ch-RUS w 2017"]
[Site "St Petersburg RUS"]
[Date "2017.12.11"]
[Round "8.4"]
[White "Girya, Olga"]
[Black "Nechaeva, Marina"]
[Result "1/2-1/2"]
[WhiteTitle "WGM"]
[BlackTitle "IM"]
[WhiteElo "2484"]
[BlackElo "2424"]
[WhiteFideId "4195752"]
[BlackFideId "4149351"]
[EventDate "2017.12.03"]

1. d4 d5 2. c4 c6 3. cxd5 cxd5 4. Bg5 Nc6 5. Nc3 h6 6. Bh4 Nf6 7. Bxf6 gxf6 8.
e3 e6 9. Bd3 Rg8 10. g3 Bd7 11. Nf3 Rc8 12. O-O Bd6 13. e4 dxe4 14. Nxe4 Be7 15.
a3 Qb6 16. d5 exd5 17. Nc3 Be6 18. Re1 Rd8 19. b4 Ne5 20. Na4 Nxf3+ 21. Qxf3 Qd4
22. Bf5 Rg5 23. Bxe6 fxe6 24. Rad1 Qg4 25. Qxg4 Rxg4 26. Rxe6 Kf7 27. Re2 Rc4
28. Red2 b5 29. Nb2 Rc3 30. Rxd5 Rxd5 31. Rxd5 Rxa3 32. Rxb5 Rb3 33. Na4 Rxb4
34. Ra5 Rb7 35. Kg2 Bb4 36. Ra6 Rd7 37. Kf3 Kg6 38. h4 Rd3+ 39. Ke4 Rd7 40. g4
Be1 41. Nc5 Re7+ 42. Kf3 h5 43. g5 Bc3 44. Ne4 Bd4 45. Nxf6 Rf7 46. Ke4 Bxf6 47.
f4 Re7+ 48. Kf3 Rf7 49. Kg3 Kf5 50. Ra5+ Kg6 51. Ra6 Kf5 52. gxf6 Rxf6 53. Rxa7
Rb6 54. Ra5+ Kg6 55. Kf3 Rb3+ 56. Ke4 Rh3 57. f5+ Kg7 58. Ra7+ Kf6 59. Ra6+ Kf7
60. Ke5 Rxh4 61. Ra7+ Kg8 62. Kf6 Rg4 63. Ra8+ Kh7 64. Ra7+ Kg8 65. Ra8+ Kh7 66.
Ke6 Rb4 67. Ra7+ Kg8 68. Ra8+ Kh7 69. Rd8 Rb6+ 70. Ke7 Kg7 71. Rd1 Rb7+ 72. Ke6
Rb6+ 1/2-1/2

[Event "67th ch-RUS w 2017"]
[Site "St Petersburg RUS"]
[Date "2017.12.11"]
[Round "8.5"]
[White "Bodnaruk, Anastasia"]
[Black "Gritsayeva, Oksana"]
[Result "1/2-1/2"]
[WhiteTitle "IM"]
[BlackTitle "WFM"]
[WhiteElo "2428"]
[BlackElo "2373"]
[WhiteFideId "4181751"]
[BlackFideId "14104652"]
[EventDate "2017.12.03"]

1. e4 d6 2. d4 Nf6 3. Nc3 e5 4. Nf3 exd4 5. Nxd4 Be7 6. g3 d5 7. e5 Ng4 8. Bf4
g5 9. e6 h5 10. h3 gxf4 11. hxg4 c5 12. exf7+ Kxf7 13. Nf5 Bf6 14. Bg2 Bxc3+ 15.
bxc3 Bxf5 16. gxf5 Nc6 17. Rxh5 Kf6 18. Rxh8 Qe7+ 19. Kf1 Rxh8 20. Qxd5 Rd8 21.
Qf3 Qe5 22. g4 Re8 23. Rd1 Kg5 24. Kg1 Qf6 25. Rd7 Re1+ 26. Bf1 Qh8 27. f6 Ne5
28. Qd5 Qxf6 29. Qg8+ Ng6 30. Qh7 Kxg4 31. Rg7 Kg5 32. Rg8 f3 33. Qd7 Qf5 34.
Qd2+ Kh5 35. Qxe1 Qg4+ 36. Kh1 Qh4+ 37. Kg1 Qg4+ 38. Kh1 Qh4+ 39. Kg1 Qg4+ 40.
Kh2 Qf4+ 41. Kg1 Qg4+ 1/2-1/2